| 000 | 00534nam a2200169Ia 4500 | ||
|---|---|---|---|
| 003 | IN-BaIIA | ||
| 008 | 211028s9999 xx 000 0 eng d | ||
| 020 | _a0-7167-3097-9 | ||
| 040 | _cIIA Library | ||
| 080 |
_a524.354 _bMAN |
||
| 100 |
_aMann, Alfred K _921505 |
||
| 245 | 0 |
_aShadow of a star _bthe neutrino story of supernova 1987A _cAlfred K. Mann |
|
| 260 |
_aNew York _bW. H. Freeman _c1997 |
||
| 300 | _axi, 210p. | ||
| 650 |
_aSupernovae, Supernovae remnants _921506 |
||
| 942 | _cBK | ||
| 999 |
_c12301 _d12301 |
||